000 00232nam a22000977a 4500
999 _c258622
_d258621
020 _a9780555008164
245 _aFundamentals of investing
250 _a6TH ED
260 _aBoston,Massachusetts
_bAddison -Wesley
_c2008
942 _cBK